🎶 Paroles "Christelle est une ordure" Bénabar - Statistiques

Statistiques générales
  • Ce quiz a Ă©tĂ© pris 59 fois
  • Le rĂ©sultat moyen est 221 sur 311
Statistiques - réponses
Mots % Correct
C'
100%
c'
100%
Chianti,
100%
Christelle
96%
Christel-le el-le-el-le
96%
Christel-le-el-le-el-le
96%
d'
96%
qu'
96%
Qu'
96%
Ă 
92%
A
92%
a
92%
est
92%
Est
92%
l'
92%
L'
92%
Le
92%
le
92%
or
92%
ordure
92%
ordure,
92%
Regina
92%
un
92%
une
92%
de
88%
par
88%
j'
83%
J'
83%
m'
83%
On
83%
on
83%
que
83%
s'
83%
copain
79%
En
79%
en
79%
les
79%
Ma
79%
Vésuve
79%
aie
75%
ça
75%
Ça
75%
ces
75%
Du
75%
du
75%
Elle
75%
elle
75%
je
75%
la
75%
Moi
75%
moi
75%
mon
75%
Noël
75%
Noël -le-el-le-el-le
75%
Noël-le-el-le-el-le
75%
Parce
75%
pas
75%
Père
75%
père
75%
sa
75%
son
75%
trop
75%
copains
71%
et
71%
Et
71%
il
71%
Préfère
71%
préfère
71%
Qui
71%
sûr
71%
Al
67%
au
67%
bien
67%
chagrin
67%
dans
67%
reste
67%
des
63%
Des
63%
encore
63%
sans
63%
très
63%
bande
58%
dit
58%
était
58%
Ils
58%
Lui
58%
mĂŞme
58%
part
58%
pour
58%
Quand
58%
sous
58%
Bouteilles
54%
sont
54%
Tous
54%
voisin
54%
acteurs
50%
avait
50%
bouche
50%
carreaux,
50%
cas,
50%
connaissait
50%
faim
50%
film
50%
fin,
50%
foutais
50%
Gun,
50%
huile
50%
italiens
50%
langue
50%
mange
50%
Michelle
50%
Pacino
50%
Pfeiffer,
50%
Pfeiffer
50%
regrette
50%
répliques
50%
Top
50%
aisselles
46%
aussi
46%
boucle
46%
Cruise
46%
dialogues
46%
fois
46%
jeune
46%
mis
46%
moment
46%
mur
46%
Nappes
46%
pizza
46%
rappelle
46%
roulé
46%
sexuels
46%
Tom
46%
trucs
46%
voyant
46%
vu
46%
ailleurs
42%
allait
42%
cinquante
42%
époque
42%
faisais
42%
oeil
42%
osier
42%
pimentée
42%
bientĂ´t
38%
dégradants
38%
dev'nir
38%
hot
38%
malheur
38%
parlait
38%
peint
38%
Pendant
38%
pensais
38%
portraits
38%
sien
38%
arrondis
33%
assez
33%
choeur
33%
décor
33%
flacons
33%
légitime
33%
parfaire
33%
compliqués
29%
énervait
29%
notre
29%
amitié
25%
blanc,
25%
élaborais
25%
noir
25%
reprenait
25%
souffert
17%
Aucun quiz correspondant
Distribution des résultats
% des personnes avec chaque résultat
Percentile par nombre de réponses
Votre historique - résultats
Vous n’avez pas pris ce quiz